| 000 | 00558nam a2200193 i 4500 | ||
|---|---|---|---|
| 001 | 150261 | ||
| 003 | ES-MaACL | ||
| 005 | 20230906203436.0 | ||
| 007 | t| | ||
| 008 | 071029s1931 sp ||||1| spa d | ||
| 080 | _a159.922.1 | ||
| 100 | 1 |
_aVachet, Pierre. _9112380 |
|
| 245 | 1 | 3 |
_aEl enigma de la mujer / _cPierre Vachet ; traducción de Manuel Pumarega. |
| 260 |
_aMadrid : _bOriente, _c1931 ( _fArgis) |
||
| 300 |
_a234 p. ; _c19 cm. |
||
| 650 | 4 |
_aMujeres- _xPsicología. _915309 |
|
| 700 | 1 |
_aPumarega, Manuel. _994395 |
|
| 852 | 4 |
_aES-MaACL _jB-12313 |
|
| 999 |
_c150261 _d150261 |
||